[Event "DEM U12/U12w 2014"]
[Site "Magdeburg GER"]
[Date "2014.06.11"]
[Round "6"]
[White "Jahn, Felix"]
[Black "Baltic, Fatih"]
[Result "0-1"]
[Termination "normal"]
[Board "21"]
[WhiteElo "1517"]
[BlackElo "1870"]
[PlyCount "128"]
[WhiteFideId "12983632"]
[BlackFideId "12979090"]
[EventCountry "GER"]
[EventRounds "11"]
[EventType "swiss"]
[EventDate "2014.06.07"]

1. e4 c5 2. Nf3 d6 3. d4 cxd4 4. Nxd4 Nf6 5. Nc3 a6 6. Bd3 e5 7. Nf3 h6 8. Be3
Be6 9. O-O Be7 10. Qe2 Nbd7 11. Rfd1 Qc7 12. Rac1 O-O 13. Nd2 Rac8 14. f3 Nb6
15. Qf2 Bd8 16. Nb3 Nc4 17. Bxc4 Bxc4 18. Na4 b5 19. Nb6 Rb8 20. Nxc4 bxc4 21.
Nd2 Rxb2 22. Qe2 Be7 23. Qxc4 Rc8 24. Qxa6 Qc6 25. Qxc6 Rxc6 26. a4 Ra6 27. a5
Rb4 28. Nb3 Rc4 29. Bb6 Nd7 30. Be3 Nf6 31. Kf2 Bd8 32. Ke2 Rcc6 33. Bd2 d5 34.
exd5 Nxd5 35. Kf2 Be7 36. Bxh6 Nc3 37. Rd7 Ba3 38. Re1 Rxh6 39. Rxe5 Rhe6 40.
Re3 Na4 41. Rxe6 Rxe6 42. Rd3 Nc5 43. Rd8+ Kh7 44. Rb8 Nd7 45. Rb7 Rd6 46. a6
Nc5 47. a7 Ra6 48. Rxf7 Nxb3 49. cxb3 Bc5+ 50. Kg3 Bxa7 51. Kh3 Rh6+ 52. Kg3
Bb8+ 53. f4 Rb6 54. Kg4 Rxb3 55. h3 Bd6 56. Kh4 Bc5 57. f5 Bd4 58. g4 Bf2+ 59.
Kg5 Rxh3 60. Kf4 Be3+ 61. Ke4 Bg5 62. Ra7 Rg3 63. Ra1 Rxg4+ 64. Ke5 Bf6+ 0-1

[Event "DEM U12/U12w 2014"]
[Site "Magdeburg GER"]
[Date "2014.06.11"]
[Round "6"]
[White "Mix, Clemens"]
[Black "Collin, Alexander"]
[Result "1-0"]
[Termination "normal"]
[Board "22"]
[WhiteElo "1474"]
[BlackElo "1590"]
[PlyCount "217"]
[WhiteFideId "12987921"]
[BlackFideId "12946745"]
[EventCountry "GER"]
[EventRounds "11"]
[EventType "swiss"]
[EventDate "2014.06.07"]

1. e4 e6 2. d4 d5 3. Nd2 Nf6 4. Bd3 c5 5. e5 Nfd7 6. c3 Nc6 7. Ngf3 Qb6 8. dxc5
Bxc5 9. Qe2 Qc7 10. Bb5 O-O 11. Bxc6 bxc6 12. b4 Be7 13. Nb3 Rd8 14. Bb2 Nb6
15. O-O Na4 16. Rfd1 Nxb2 17. Qxb2 c5 18. a3 Bd7 19. Rac1 Rab8 20. Qa2 c4 21.
Nbd4 a5 22. Qe2 Ra8 23. Ra1 Ra7 24. Rdb1 Rda8 25. Qb2 axb4 26. axb4 Qb8 27. Nc2
f6 28. Rxa7 Rxa7 29. Re1 f5 30. Ncd4 Qa8 31. Rb1 Ra2 32. Qc1 Qa3 33. Qxa3 Rxa3
34. Ne2 Rb3 35. Nd2 Rxb1+ 36. Nxb1 g5 37. f4 gxf4 38. Nxf4 Bg5 39. g3 Kf7 40.
Kf2 Bd8 41. Ke2 Bc7 42. Nd2 Bxe5 43. Nf3 Bxf4 44. gxf4 Kf6 45. Ne5 Be8 46. Ke3
Ke7 47. Kd4 Kd6 48. Ke3 Kc7 49. Kd2 Kb6 50. Kc2 Kb5 51. Kb2 Bh5 52. Kc2 Be8 53.
Kd2 Ka4 54. Nf3 h6 55. Nd4 Bd7 56. Nf3 Kb5 57. Nd4+ Kb6 58. Ke3 Kc7 59. Nf3 Be8
60. Ne5 Kd6 61. Nf3 Bh5 62. Nd4 Bg6 63. Nf3 Bh7 64. Nd4 e5 65. fxe5+ Kxe5 66.
Nf3+ Ke6 67. Nd4+ Kd6 68. Nb5+ Ke5 69. Nd4 f4+ 70. Kf3 Be4+ 71. Kf2 f3 72. Nc6+
Kd6 73. Nd4 h5 74. Nxf3 Bxf3 75. Kxf3 h4 76. Ke3 Ke5 77. b5 h3 78. b6 Kd6 79.
Kd4 Kc6 80. b7 Kxb7 81. Kxd5 Kb6 82. Kxc4 Kc6 83. Kd4 Kd6 84. Ke4 Kc5 85. Kf3
Kc4 86. Kg3 Kxc3 87. Kxh3 Kd4 88. Kg4 Ke5 89. Kg5 Ke6 90. Kg6 Ke7 91. Kg7 Ke6
92. h4 Kf5 93. h5 Kg5 94. h6 Kf5 95. h7 Ke6 96. h8=Q Ke7 97. Qf8+ Ke6 98. Qf4
Kd5 99. Kf6 Kc5 100. Qe4 Kd6 101. Qe5+ Kd7 102. Qe6+ Kc7 103. Ke5 Kb7 104. Kd5
Kc7 105. Qd6+ Kb7 106. Kc5 Kc8 107. Qe7 Kb8 108. Kb6 Kc8 109. Qc7# 1-0

[Event "DEM U12/U12w 2014"]
[Site "Magdeburg GER"]
[Date "2014.06.11"]
[Round "6"]
[White "Hermanns, Till"]
[Black "Gheng, Dominik"]
[Result "1-0"]
[Termination "normal"]
[Board "23"]
[WhiteElo "1449"]
[BlackElo "1556"]
[PlyCount "155"]
[WhiteFideId "12972347"]
[BlackFideId "12906778"]
[EventCountry "GER"]
[EventRounds "11"]
[EventType "swiss"]
[EventDate "2014.06.07"]

1. d4 d5 2. c4 e6 3. Nf3 Nf6 4. Nc3 Be7 5. Bg5 h6 6. Bxf6 Bxf6 7. e3 O-O 8.
cxd5 exd5 9. Bd3 b6 10. Qc2 Bb7 11. O-O Nd7 12. b4 Rc8 13. Qd2 Qe7 14. Rab1 Ba8
15. Ba6 Rcd8 16. Rfc1 Nb8 17. Bf1 Nc6 18. Na4 a5 19. bxa5 Nxa5 20. Qd1 Bc6 21.
Rc3 Ra8 22. Bb5 Bxb5 23. Rxb5 Qd7 24. Rb1 Nc4 25. Nb2 Nxb2 26. Rxb2 Rfb8 27.
Ne5 Bxe5 28. dxe5 c5 29. Rd3 Rd8 30. Rxb6 Rxa2 31. Rd6 Qe7 32. Rxd8+ Qxd8 33.
h3 Qa5 34. Kh2 Rxf2 35. Rxd5 Qa2 36. Rd8+ Kh7 37. Qg4 Qc2 38. Rd7 c4 39. e6 Qb3
40. Qg3 Rf6 41. exf7 Qb4 42. Qe5 Qf8 43. Qe8 Qc5 44. Rd8 Qc7+ 45. Kg1 Qxf7 46.
Qxf7 Rxf7 47. Rc8 Rf6 48. Rxc4 Kg8 49. Re4 Kf7 50. g4 Kg6 51. Re5 Kf7 52. Kg2
g5 53. Rf5 Rxf5 54. gxf5 Kf6 55. e4 h5 56. Kf3 Ke5 57. Ke3 g4 58. hxg4 hxg4 59.
Kf2 Kf6 60. Kg2 g3 61. Kxg3 Kg5 62. Kf3 Kf6 63. Kf4 Kf7 64. Ke5 Ke7 65. f6+ Kf7
66. Kf5 Kf8 67. Ke6 Ke8 68. f7+ Kf8 69. e5 Kg7 70. Ke7 Kh7 71. f8=Q Kg6 72. Ke6
Kg5 73. Qf5+ Kh4 74. Qg6 Kh3 75. Kf5 Kh2 76. Kf4 Kh1 77. Kf3 Kh2 78. Qg2# 1-0

[Event "DEM U12/U12w 2014"]
[Site "Magdeburg GER"]
[Date "2014.06.11"]
[Round "6"]
[White "Lieberwirth, Kasimir"]
[Black "Voß, Henrike"]
[Result "0-1"]
[Termination "normal"]
[Board "24"]
[WhiteElo "1628"]
[BlackElo "1456"]
[PlyCount "84"]
[WhiteFideId "12988146"]
[BlackFideId "12971910"]
[EventCountry "GER"]
[EventRounds "11"]
[EventType "swiss"]
[EventDate "2014.06.07"]

1. e4 e5 2. Nf3 Nc6 3. Bc4 Bc5 4. b4 Bxb4 5. c3 Be7 6. d4 exd4 7. cxd4 d6 8.
Qb3 Na5 9. Bxf7+ Kf8 10. Qc3 Kxf7 11. Qxa5 Nf6 12. Ng5+ Kg8 13. Nc3 h6 14. Nf3
c6 15. Qa4 Be6 16. O-O d5 17. e5 Nd7 18. Ba3 Nb6 19. Bxe7 Nxa4 20. Bxd8 Nxc3
21. Ba5 Ne2+ 22. Kh1 Bg4 23. Rfd1 Rf8 24. Rd2 Nf4 25. Ng1 h5 26. h3 Be6 27. g3
Nxh3 28. Nxh3 Bxh3 29. Rb1 b5 30. Bb4 Rf7 31. Rc1 h4 32. Kh2 hxg3+ 33. Kxg3 Bd7
34. Kg2 Rf4 35. Rc3 Rhh4 36. Rcd3 Bf5 37. Re3 c5 38. Ba3 cxd4 39. Re1 Be4+ 40.
f3 Bxf3+ 41. Kg3 Rhg4+ 42. Kh3 Rf5 0-1

[Event "DEM U12/U12w 2014"]
[Site "Magdeburg GER"]
[Date "2014.06.11"]
[Round "6"]
[White "Wenzel, Calvin"]
[Black "Rosenhain, Rachela"]
[Result "1/2-1/2"]
[Termination "normal"]
[Board "25"]
[WhiteElo "1432"]
[BlackElo "1659"]
[PlyCount "93"]
[WhiteFideId "12973920"]
[BlackFideId "12957615"]
[EventCountry "GER"]
[EventRounds "11"]
[EventType "swiss"]
[EventDate "2014.06.07"]

1. e4 e5 2. Nc3 Nf6 3. Bc4 Nc6 4. d3 Bc5 5. Nf3 h6 6. Ne2 O-O 7. c3 d5 8. exd5
Nxd5 9. O-O Re8 10. b4 Bb6 11. Bxd5 Qxd5 12. c4 Qd7 13. c5 Nxb4 14. cxb6 axb6
15. Qb3 Qxd3 16. Qxb4 Qxe2 17. Re1 Qd3 18. Nxe5 Qd5 19. Nf3 Be6 20. a3 b5 21.
Qe4 Qxe4 22. Rxe4 Bd5 23. Rxe8+ Rxe8 24. Be3 Bxf3 25. gxf3 c6 26. Rd1 Ra8 27.
Bc5 b6 28. Bxb6 Rxa3 29. Rc1 Rxf3 30. Rxc6 Rf6 31. Rxf6 gxf6 32. Kf1 Kf8 33.
Ke2 Ke7 34. Bc7 Kd7 35. Bg3 Ke6 36. Kd3 Kd5 37. Kc3 Ke4 38. Kb4 Kf3 39. Kxb5 f5
40. Kc6 f4 41. Kd7 fxg3 42. fxg3 f5 43. Ke6 f4 44. Kf5 fxg3 45. hxg3 Kxg3 46.
Kg6 Kg4 47. Kxh6 1/2-1/2

[Event "DEM U12/U12w 2014"]
[Site "Magdeburg GER"]
[Date "2014.06.11"]
[Round "6"]
[White "Reitz, Theresa"]
[Black "Liebeck, Eddie"]
[Result "0-1"]
[Termination "normal"]
[Board "26"]
[WhiteElo "1484"]
[BlackElo "1676"]
[PlyCount "172"]
[WhiteFideId "12971901"]
[BlackFideId "12945854"]
[EventCountry "GER"]
[EventRounds "11"]
[EventType "swiss"]
[EventDate "2014.06.07"]

1. e4 e5 2. Nf3 Nc6 3. Bb5 Nf6 4. d3 Bc5 5. c3 d6 6. O-O Bd7 7. Nbd2 O-O 8. h3
a6 9. Ba4 Ba7 10. Re1 Nh5 11. Nxe5 Nxe5 12. d4 Bxa4 13. b3 Nd3 14. Re3 Bd7 15.
Qxh5 Nxc1 16. Rxc1 Qf6 17. Rf3 Qg6 18. Qh4 f6 19. Rg3 Qf7 20. Rf1 Be8 21. Qg4
c5 22. d5 Bd7 23. Qe2 Rfe8 24. f4 Qe7 25. c4 b5 26. Re1 bxc4 27. Nxc4 Bb5 28.
Qc2 Bxc4 29. Qxc4 Kh8 30. Kh1 Qb7 31. Qe2 Qb5 32. Qg4 Re7 33. Rc1 Rae8 34. Re1
Qd7 35. Qe2 Qb7 36. Rc3 Qxd5 37. Qxa6 Qd2 38. Rce3 Bb8 39. R1e2 Qb4 40. Re1 d5
41. exd5 Qxf4 42. d6 Bxd6 43. g3 Qxe3 44. Rxe3 Rxe3 45. Qxd6 Re1+ 46. Kg2 R1e2+
47. Kf3 Rxa2 48. Qxc5 Rb8 49. Qc4 Ra3 50. Qc7 Raxb3+ 51. Kf2 Ra8 52. Qc2 Rab8
53. Qc7 Rf8 54. Qe7 Rbb8 55. Kf3 f5 56. Qd6 Rbc8 57. Qb4 Rf6 58. Qd4 Rcf8 59.
Kf4 Re6 60. Qc5 Ref6 61. Qd4 Re8 62. Qd7 Re4+ 63. Kf3 h6 64. g4 Rc4 65. Qd8+
Kh7 66. Qd3 Rc5 67. Kf4 Rfc6 68. gxf5 Rf6 69. Kg4 Rcxf5 70. Qxf5+ Rxf5 71. Kxf5
Kg8 72. h4 Kf7 73. h5 Kf8 74. Ke5 Kg8 75. Kf4 Kf8 76. Ke5 Ke7 77. Kf5 Kf7 78.
Ke5 Kg8 79. Ke6 Kh8 80. Ke7 g5 81. hxg6 Kg7 82. Ke6 Kxg6 83. Ke5 Kg5 84. Ke4
Kg4 85. Ke3 Kg3 86. Ke2 Kg2 0-1

[Event "DEM U12/U12w 2014"]
[Site "Magdeburg GER"]
[Date "2014.06.11"]
[Round "6"]
[White "Roho, Kevin"]
[Black "Weimert, Miriam"]
[Result "1-0"]
[Termination "normal"]
[Board "27"]
[WhiteElo "1643"]
[BlackElo "1562"]
[PlyCount "71"]
[WhiteFideId "12973734"]
[BlackFideId "12966703"]
[EventCountry "GER"]
[EventRounds "11"]
[EventType "swiss"]
[EventDate "2014.06.07"]

1. e4 e5 2. Bc4 Nf6 3. d4 Nxe4 4. dxe5 Nc5 5. Nf3 Be7 6. Bf4 Nc6 7. Nc3 b6 8.
Qe2 Bb7 9. O-O O-O 10. Rad1 Ne6 11. Bg3 h5 12. h3 h4 13. Bh2 Qe8 14. Nd5 Rc8
15. Nxe7+ Qxe7 16. c3 Rcd8 17. Nd4 Ncxd4 18. cxd4 Qg5 19. f4 Qh6 20. f5 Ng5 21.
Bf4 Nf3+ 22. Rxf3 Bxf3 23. Qxf3 Qc6 24. Qxc6 dxc6 25. Bg5 Rb8 26. e6 g6 27.
exf7+ Kg7 28. Be7 Rxf7 29. Bxf7 Kxf7 30. Bxh4 gxf5 31. Bg3 Rc8 32. Kf2 Kg6 33.
Be5 Kh5 34. Rc1 c5 35. dxc5 bxc5 36. Rxc5 1-0

[Event "DEM U12/U12w 2014"]
[Site "Magdeburg GER"]
[Date "2014.06.11"]
[Round "6"]
[White "Bosselmann, Tom Linus"]
[Black "Mütsch, Annmarie"]
[Result "0-1"]
[Termination "normal"]
[Board "28"]
[WhiteElo "1430"]
[BlackElo "1648"]
[PlyCount "108"]
[WhiteFideId "12983845"]
[BlackFideId "12971367"]
[EventCountry "GER"]
[EventRounds "11"]
[EventType "swiss"]
[EventDate "2014.06.07"]

1. d4 d5 2. c4 e6 3. Nf3 Nf6 4. Nbd2 c5 5. e3 Nc6 6. g3 Qb6 7. dxc5 Bxc5 8.
cxd5 Nxd5 9. Nc4 Qc7 10. Bg2 O-O 11. b3 Rd8 12. Nd4 Nxd4 13. exd4 Nc3 14. Qc2
Bxd4 15. Bb2 Nb5 16. O-O Rb8 17. Rfd1 Bxb2 18. Nxb2 Bd7 19. Qxc7 Nxc7 20. Rac1
Ne8 21. Nd3 Bb5 22. Nc5 b6 23. Rxd8 Rxd8 24. Ne4 g6 25. h4 Kg7 26. a4 Ba6 27.
Nc3 Rd4 28. Bc6 Nc7 29. Rd1 Rxd1+ 30. Nxd1 Bd3 31. Nc3 a5 32. Be4 Ba6 33. f3
Kf6 34. Kf2 Ke5 35. Ke3 f5 36. Bc2 Nd5+ 37. Nxd5 Kxd5 38. f4 e5 39. fxe5 Kxe5
40. Bd3 Bxd3 41. Kxd3 h6 42. Kc4 Kd6 43. Kd4 g5 44. hxg5 hxg5 45. Ke3 f4+ 46.
gxf4 gxf4+ 47. Kxf4 Kc5 48. Ke4 Kb4 49. Kd4 Kxb3 50. Kd3 Kxa4 51. Kc4 b5+ 52.
Kc3 Ka3 53. Kc2 b4 54. Kb1 Kb3 0-1

[Event "DEM U12/U12w 2014"]
[Site "Magdeburg GER"]
[Date "2014.06.11"]
[Round "6"]
[White "Arnold, Leander"]
[Black "Yankelevich, Michael"]
[Result "1/2-1/2"]
[Termination "normal"]
[Board "29"]
[WhiteElo "1402"]
[BlackElo "1696"]
[PlyCount "46"]
[WhiteFideId "12990230"]
[BlackFideId "12921440"]
[EventCountry "GER"]
[EventRounds "11"]
[EventType "swiss"]
[EventDate "2014.06.07"]

1. d4 d5 2. Nf3 Nf6 3. e3 c5 4. c3 e6 5. Bd3 Nc6 6. Nbd2 c4 7. Bc2 Bd6 8. O-O
O-O 9. e4 Be7 10. Re1 Nd7 11. Nf1 b5 12. e5 g6 13. Bh6 Re8 14. Qd2 b4 15. Ba4
bxc3 16. bxc3 Qc7 17. Rab1 Nb6 18. Bc2 Bd7 19. Ne3 Reb8 20. Ng4 Be8 21. Bg5 Nd7
22. Bxe7 Nxe7 23. Nf6+ Kg7 1/2-1/2

[Event "DEM U12/U12w 2014"]
[Site "Magdeburg GER"]
[Date "2014.06.11"]
[Round "6"]
[White "Hoffmann, Lennard"]
[Black "Wurst, Benedikt"]
[Result "0-1"]
[Termination "normal"]
[Board "30"]
[WhiteElo "1801"]
[BlackElo "1403"]
[PlyCount "134"]
[WhiteFideId "12943495"]
[BlackFideId "12991791"]
[EventCountry "GER"]
[EventRounds "11"]
[EventType "swiss"]
[EventDate "2014.06.07"]

1. e4 e5 2. Nf3 Nc6 3. Bc4 Bc5 4. c3 Nf6 5. d3 h6 6. O-O O-O 7. Nbd2 d6 8. h3
Re8 9. Re1 d5 10. exd5 Nxd5 11. d4 Bb6 12. Nxe5 Nxe5 13. Rxe5 Rxe5 14. dxe5 Nf4
15. Qf3 Ne6 16. Ne4 Bd7 17. Bd2 Bc6 18. Rd1 Qe7 19. Qg4 Kh8 20. Ng3 Qc5 21. Be3
Qxe5 22. Bd4 Nxd4 23. cxd4 Qf6 24. Rd3 Rd8 25. Ne2 Qg6 26. Qxg6 fxg6 27. b4 Re8
28. Nf4 g5 29. Ng6+ Kh7 30. Bf7 Re1+ 31. Kh2 Be4 32. Nf8+ Kh8 33. Re3 Rxe3 34.
fxe3 c6 35. Ne6 Bd5 36. Kg3 Bxa2 37. Kg4 Bd5 38. g3 Bc7 39. Nxc7 Bxf7 40. e4
Kg8 41. d5 cxd5 42. exd5 Kf8 43. d6 Be8 44. h4 gxh4 45. gxh4 Bd7+ 46. Kf4 a6
47. Ke5 g5 48. hxg5 hxg5 49. Nd5 Ke8 50. Kd4 g4 51. Kc5 g3 52. Ne3 Bc6 53. Kb6
Kd7 54. Kc5 g2 55. Nxg2 Bxg2 56. Kc4 Kxd6 57. Kd4 b5 58. Kc3 Kd5 59. Kb3 Kd4
60. Ka3 Kc3 61. Ka2 Kxb4 62. Ka1 a5 63. Kb1 Kb3 64. Ka1 a4 65. Kb1 b4 66. Ka1
Kc2 67. Ka2 b3+ 0-1

[Event "DEM U12/U12w 2014"]
[Site "Magdeburg GER"]
[Date "2014.06.11"]
[Round "6"]
[White "Wachtel, Arthur"]
[Black "Paulweber, Lara Maria"]
[Result "1-0"]
[Termination "normal"]
[Board "31"]
[WhiteElo "1539"]
[BlackElo "1386"]
[PlyCount "61"]
[WhiteFideId "12988510"]
[BlackFideId "12954411"]
[EventCountry "GER"]
[EventRounds "11"]
[EventType "swiss"]
[EventDate "2014.06.07"]

1. e4 e6 2. d4 d5 3. Nc3 Bb4 4. e5 c5 5. Bd2 cxd4 6. Nb5 Bc5 7. Qg4 g6 8. Nd6+
Bxd6 9. exd6 Qb6 10. O-O-O Qc5 11. Re1 Nc6 12. Nf3 Qxd6 13. Nxd4 Nf6 14. Qg5
Ne4 15. Rxe4 dxe4 16. Nxc6 bxc6 17. Bc3 Rg8 18. Bc4 Bb7 19. Qe3 c5 20. Bb5+ Ke7
21. Qg5+ Kf8 22. Qh6+ Ke7 23. Rd1 Bd5 24. Qg5+ Kf8 25. Be5 Qb6 26. Qf6 a6 27.
Rxd5 exd5 28. Qxb6 axb5 29. Qd6+ Ke8 30. Qc6+ Ke7 31. Bf6+ 1-0

[Event "DEM U12/U12w 2014"]
[Site "Magdeburg GER"]
[Date "2014.06.11"]
[Round "6"]
[White "Könze, Heike"]
[Black "Flach, Helene"]
[Result "1/2-1/2"]
[Termination "normal"]
[Board "32"]
[WhiteElo "1503"]
[BlackElo "1657"]
[PlyCount "72"]
[WhiteFideId "12964476"]
[BlackFideId "12929735"]
[EventCountry "GER"]
[EventRounds "11"]
[EventType "swiss"]
[EventDate "2014.06.07"]

1. e4 e5 2. Nf3 Nc6 3. d4 exd4 4. Nxd4 Bc5 5. Nb3 Bb6 6. Nc3 Nf6 7. Bg5 h6 8.
Bh4 d6 9. Bd3 O-O 10. Qd2 Re8 11. Nd5 Nxe4 12. Bxd8 Nxd2+ 13. Kxd2 Nxd8 14. a4
Ne6 15. f3 c6 16. Nxb6 axb6 17. Rhe1 Bd7 18. Bf5 c5 19. Be4 Rxa4 20. Bxb7 Kf8
21. Be4 c4 22. Rxa4 Bxa4 23. Nc1 Nc7 24. c3 g6 25. f4 Rd8 26. Ne2 d5 27. Bf3
Ne6 28. Ke3 Bc2 29. Nd4 Bd3 30. g3 Re8 31. Kd2 Nxd4 32. Rxe8+ Kxe8 33. cxd4 Be4
34. Be2 Kd7 35. Ke3 Kc6 36. Bxc4 b5 1/2-1/2

[Event "DEM U12/U12w 2014"]
[Site "Magdeburg GER"]
[Date "2014.06.11"]
[Round "6"]
[White "Fesselier, Chelsea"]
[Black "Gauchel, Verena"]
[Result "1-0"]
[Termination "normal"]
[Board "33"]
[WhiteElo "1454"]
[BlackElo "1273"]
[PlyCount "143"]
[WhiteFideId "26024624"]
[BlackFideId "12988537"]
[EventCountry "GER"]
[EventRounds "11"]
[EventType "swiss"]
[EventDate "2014.06.07"]

1. e4 b6 2. d4 Bb7 3. Bd3 Nf6 4. Qe2 e6 5. Nf3 d5 6. e5 Nfd7 7. c3 c5 8. a3 Nc6
9. Bd2 cxd4 10. cxd4 Be7 11. b4 a6 12. Nc3 b5 13. O-O Nf8 14. Na2 h6 15. Bc3 g5
16. Nd2 h5 17. f4 Qb6 18. Nb3 g4 19. f5 Bg5 20. Nc5 Bc8 21. Qf2 Nd8 22. fxe6
Nfxe6 23. g3 Nxc5 24. bxc5 Qe6 25. Rae1 h4 26. Bf5 hxg3 27. hxg3 Qh6 28. Qg2
Be3+ 29. Rxe3 Qxe3+ 30. Qf2 Qxf2+ 31. Rxf2 Bxf5 32. Rxf5 Ne6 33. Nb4 Nc7 34.
Rg5 Ke7 35. Rxg4 Rag8 36. Rxg8 Rxg8 37. Kf2 a5 38. Nc6+ Ke6 39. Nxa5 f6 40.
exf6 Kxf6 41. Nb3 Kg5 42. Bd2+ Kg4 43. Bf4 Rf8 44. Ke2 Re8+ 45. Kd3 Ne6 46. Be5
Ra8 47. Kc3 Rxa3 48. Kb4 Ra7 49. c6 Ra2 50. c7 Rc2 51. Nc5 Nxc5 52. dxc5 Rc4+
53. Kxb5 Kf3 54. c8=Q Ke3 55. Qh3 Ke4 56. Qe6 Ke3 57. Qxd5 Rg4 58. Qd4+ Rxd4
59. Bxd4+ Kxd4 60. c6 Ke4 61. c7 Kf3 62. c8=Q Kg2 63. Qc2+ Kh3 64. Kc5 Kg4 65.
Kd5 Kf3 66. Qe4+ Kxg3 67. Qf5 Kg2 68. Qf4 Kh3 69. Qg5 Kh2 70. Ke4 Kh3 71. Kf3
Kh2 72. Qg2# 1-0

[Event "DEM U12/U12w 2014"]
[Site "Magdeburg GER"]
[Date "2014.06.11"]
[Round "6"]
[White "Kück, Artur"]
[Black "Kose, Robert Paul"]
[Result "1-0"]
[Termination "normal"]
[Board "34"]
[WhiteElo "1393"]
[BlackElo "1267"]
[PlyCount "113"]
[WhiteFideId "12965120"]
[BlackFideId "12982067"]
[EventCountry "GER"]
[EventRounds "11"]
[EventType "swiss"]
[EventDate "2014.06.07"]

1. d4 d5 2. c4 e6 3. Nc3 Nf6 4. cxd5 exd5 5. Bg5 Be6 6. e3 Nbd7 7. Bd3 c6 8.
Nge2 h6 9. Bh4 Bd6 10. Qc2 Qc7 11. Bg3 Nh5 12. Bxd6 Qxd6 13. O-O g5 14. Bf5
O-O-O 15. Nb5 Qe7 16. Bxe6 Qxe6 17. Rfc1 Kb8 18. Nbc3 f5 19. b4 Rc8 20. Na4 b6
21. Nb2 Qe4 22. Qxe4 dxe4 23. a4 Rc7 24. b5 Rhc8 25. bxc6 Rxc6 26. Rxc6 Rxc6
27. Rc1 Rxc1+ 28. Nxc1 Nhf6 29. Nc4 Kc7 30. Kf1 Ne8 31. Na2 Nd6 32. Nxd6 Kxd6
33. Nc3 a6 34. Ke2 Nf6 35. h3 Nd5 36. Kd2 Nxc3 37. Kxc3 Kd5 38. g4 f4 39. Kb4
f3 40. Kc3 b5 41. axb5 axb5 42. Kb4 Kc6 43. d5+ Kxd5 44. Kxb5 Kd6 45. Kc4 Ke5
46. Kc5 h5 47. Kc4 h4 48. Kc5 Ke6 49. Kd4 Kd6 50. Kxe4 Ke6 51. Kxf3 Ke5 52. Ke2
Ke4 53. f3+ Ke5 54. Kd3 Kd5 55. Kc3 Ke5 56. Kc4 Kf6 57. Kd5 1-0

[Event "DEM U12/U12w 2014"]
[Site "Magdeburg GER"]
[Date "2014.06.11"]
[Round "6"]
[White "Kurzweil, Naemi"]
[Black "Lesny, Florian"]
[Result "0-1"]
[Termination "normal"]
[Board "35"]
[WhiteElo "1231"]
[BlackElo "1549"]
[PlyCount "108"]
[WhiteFideId "12985708"]
[BlackFideId "12973874"]
[EventCountry "GER"]
[EventRounds "11"]
[EventType "swiss"]
[EventDate "2014.06.07"]

1. e4 c5 2. Nf3 d6 3. Bc4 Nf6 4. d3 Bg4 5. Nc3 e6 6. Bf4 Nc6 7. h3 Bh5 8. g4
Bg6 9. h4 h5 10. g5 Ng4 11. d4 cxd4 12. Nxd4 Be7 13. Bb5 Qc7 14. Bg3 a6 15. Ba4
Rb8 16. Qe2 Ra8 17. Rd1 O-O 18. O-O Nxd4 19. Rxd4 b5 20. Bb3 Rfd8 21. f3 Ne5
22. f4 Ng4 23. f5 Qa7 24. fxg6 Qxd4+ 25. Kg2 Ne3+ 26. Kh3 Nxf1 27. gxf7+ Kxf7
28. Qxh5+ g6 29. Qh7+ Qg7 30. Bxe6+ Kf8 31. Qh6 Nxg3 32. Kxg3 Qxh6 33. gxh6 Re8
34. Kg4 Bxh4 35. Bd5 Bf6 36. Ne2 Ke7 37. Nf4 Rac8 38. Nxg6+ Kd7 39. Kf5 Bxb2
40. e5 Bxe5 41. Bf7 Rf8 42. Nxf8+ Rxf8 43. Kg6 Rxf7 44. Kxf7 Kc6 45. Ke6 Kc5
46. h7 a5 47. Kf5 Kd4 48. Ke6 Kc4 49. Kf5 Kc3 50. Ke4 Kxc2 51. Ke3 Kb2 52. Kd3
Kxa2 53. Kc2 b4 54. Kc1 b3 0-1

[Event "DEM U12/U12w 2014"]
[Site "Magdeburg GER"]
[Date "2014.06.11"]
[Round "6"]
[White "Recktenwald, Cedric"]
[Black "Rapp, Lukas"]
[Result "1-0"]
[Termination "normal"]
[Board "36"]
[WhiteElo "1435"]
[BlackElo "1216"]
[PlyCount "53"]
[WhiteFideId "12971928"]
[BlackFideId "12989320"]
[EventCountry "GER"]
[EventRounds "11"]
[EventType "swiss"]
[EventDate "2014.06.07"]

1. e4 d5 2. exd5 Qxd5 3. Nc3 Qa5 4. d4 c6 5. Bc4 Nf6 6. Bd2 Qb6 7. Bc1 Bf5 8.
Nge2 e6 9. Bb3 Bd6 10. Ng3 Bg6 11. Be3 Qc7 12. Nce2 Nbd7 13. Qd2 O-O 14. Bf4 e5
15. dxe5 Nxe5 16. O-O Rad8 17. Rad1 Rfe8 18. Qc3 Nh5 19. Be3 Ng4 20. Bc5 Bxc5
21. Qxc5 Rxd1 22. Rxd1 Rxe2 23. Nxe2 Qxh2+ 24. Kf1 h6 25. f3 Nf4 26. Nxf4 Qh1+
27. Ke2 1-0

[Event "DEM U12/U12w 2014"]
[Site "Magdeburg GER"]
[Date "2014.06.11"]
[Round "6"]
[White "Ruppert, Paula"]
[Black "Garbuz, Nicole"]
[Result "1/2-1/2"]
[Termination "normal"]
[Board "37"]
[WhiteElo "1202"]
[BlackElo "1389"]
[PlyCount "40"]
[WhiteFideId "12979996"]
[BlackFideId "12990701"]
[EventCountry "GER"]
[EventRounds "11"]
[EventType "swiss"]
[EventDate "2014.06.07"]

1. e4 e5 2. Nf3 Nc6 3. d4 exd4 4. Nxd4 Nf6 5. Nxc6 bxc6 6. Bd3 d5 7. Qe2 Be7 8.
O-O O-O 9. Bf4 Be6 10. Nd2 Rb8 11. Qe3 d4 12. Qg3 Nh5 13. Qf3 Nxf4 14. Qxf4 Bg5
15. Qg3 Bxd2 16. f4 Rxb2 17. f5 Bc8 18. f6 g6 19. h4 h5 20. Rad1 Be3+ 1/2-1/2

[Event "DEM U12/U12w 2014"]
[Site "Magdeburg GER"]
[Date "2014.06.11"]
[Round "6"]
[White "Kukulina, Sonja"]
[Black "Wastian, Mareike"]
[Result "0-1"]
[Termination "normal"]
[Board "38"]
[WhiteElo "1162"]
[BlackElo "1571"]
[PlyCount "130"]
[WhiteFideId "12977047"]
[BlackFideId "12947423"]
[EventCountry "GER"]
[EventRounds "11"]
[EventType "swiss"]
[EventDate "2014.06.07"]

1. e4 d5 2. exd5 Nf6 3. c4 c6 4. dxc6 Nxc6 5. Nc3 e5 6. Nge2 e4 7. Ng3 Qe7 8.
Be2 Qe5 9. O-O Bc5 10. Kh1 O-O 11. Qc2 Nd4 12. Qd1 b6 13. Re1 Re8 14. h3 Bb7
15. Bd3 Qc7 16. Ncxe4 Qc6 17. Nxf6+ Qxf6 18. Ne4 Qe6 19. b3 f5 20. b4 Bxb4 21.
Bb2 fxe4 22. Bxd4 Qd6 23. Qb3 Qxd4 24. Qxb4 Qxd3 25. Re3 Qd7 26. Qb5 Qxb5 27.
cxb5 Rac8 28. Rae1 Kf8 29. Kh2 Rcd8 30. Ra3 Ra8 31. Rc1 Rec8 32. Rxc8+ Bxc8 33.
Ra4 Bb7 34. Rc4 Rc8 35. Rxc8+ Bxc8 36. f3 exf3 37. gxf3 Kf7 38. Kg3 Ke6 39. h4
Kf5 40. d4 Be6 41. a3 Bc4 42. f4 Bxb5 43. d5 Bd7 44. Kf3 b5 45. Ke3 a5 46. Kd4
b4 47. axb4 axb4 48. Kc4 Ke4 49. d6 Kxf4 50. Kxb4 Kg4 51. h5 Kxh5 52. Kc3 Kg4
53. Kd3 Kf3 54. Kd2 Kf2 55. Kd3 h5 56. Ke4 h4 57. Kf4 h3 58. Kg5 h2 59. Kf4
h1=Q 60. Ke5 Qh5+ 61. Kd4 Qg4+ 62. Kc3 Qf3+ 63. Kc2 Bf5+ 64. Kc1 Qc3+ 65. Kd1
Qc2# 0-1

[Event "DEM U12/U12w 2014"]
[Site "Magdeburg GER"]
[Date "2014.06.11"]
[Round "6"]
[White "Wolterink, Jule"]
[Black "Ziegenfuß, Larissa"]
[Result "0-1"]
[Termination "normal"]
[Board "39"]
[WhiteElo "943"]
[BlackElo "1587"]
[PlyCount "68"]
[WhiteFideId "12981206"]
[BlackFideId "12974722"]
[EventCountry "GER"]
[EventRounds "11"]
[EventType "swiss"]
[EventDate "2014.06.07"]

1. c4 g6 2. Nc3 Bg7 3. g3 d6 4. Bg2 e5 5. d3 Nf6 6. Nf3 O-O 7. O-O Nbd7 8. b4
h6 9. a4 Kh7 10. b5 Nc5 11. Bb2 Be6 12. Qc2 Qd7 13. Rfb1 Bh3 14. Bh1 Nh5 15.
Nh4 f5 16. Ng2 f4 17. Rf1 fxg3 18. fxg3 Qg4 19. Nd5 c6 20. Nde3 Qd7 21. Nd1
Rxf1+ 22. Kxf1 Rf8+ 23. Nf2 Qf5 24. e4 Qf3 25. Kg1 Bxg2 26. Bxg2 Qe3 27. Kh1
Rxf2 28. Qb1 Nxd3 29. Ra3 Qe2 30. Qg1 Nxb2 31. Ra2 Qxc4 32. Ra1 Nd3 33. Rf1
Rxf1 34. Qxf1 Qc1 0-1